Random Midwest U.S. Cities on a Map - Statistics

General Stats
  • This quiz has been taken 1,215 times
  • The average score is 11 of 16
Answers on the Map
Answers color-coded by a green-red scale on the quiz's map according to % correct below.
 
Answer Stats
Answer % Correct
Cincinnati
98%
Iowa City
95%
Minneapolis
95%
Columbus
94%
Sioux Falls
94%
Indianapolis
93%
Duluth
92%
Chicago
91%
Madison
91%
Milwaukee
91%
Omaha
91%
Cleveland
90%
Des Moines
90%
Gary
90%
Topeka
89%
Bismarck
88%
Green Bay
88%
Kansas City
88%
Lincoln
88%
Detroit
87%
Grand Rapids
87%
Fargo
86%
St. Paul
86%
Jefferson City
85%
Pierre
84%
St. Louis
84%
Toledo
84%
Springfield
83%
Kenosha
82%
Lansing
81%
South Bend
81%
Champaign
80%
Dayton
80%
Akron
79%
Nebraska City
79%
East St. Louis
78%
Eau Claire
78%
Sault Ste. Marie
78%
Sheboygan
78%
Sioux City
78%
Wisconsin Dells
78%
Ann Arbor
77%
Wichita
76%
Marquette
75%
St. Cloud
75%
Bay City
74%
Kalamazoo
74%
Ames
73%
Naperville
73%
Ozark
73%
Rapid City
73%
Flint
72%
Joplin
72%
Oshkosh
72%
Rockford
72%
Dubuque
71%
Grand Forks
71%
International Falls
71%
Terre Haute
71%
Cedar Rapids
70%
Peoria
70%
Evansville
69%
Youngstown
69%
Fond du Lac
68%
Mackinaw City
68%
Lafayette
67%
Canton
66%
Columbia
66%
La Crosse
66%
Davenport
65%
Port Huron
65%
Saginaw
65%
Fort Wayne
64%
Grand Island
64%
Lima
63%
Traverse City
63%
Beloit
62%
Benton Harbor
61%
Rochester
61%
Dodge City
60%
North Platte
60%
Aberdeen
59%
Branson
59%
Cape Girardeau
59%
Decatur
59%
Mansfield
59%
Muskegon
59%
Hannibal
58%
Manhattan
58%
Scottsbluff
58%
Muncie
56%
Wausau
56%
Battle Creek
54%
Carbondale
54%
French Lick
54%
Kokomo
54%
Minot
54%
Pontiac
54%
Sandusky
54%
Bemidji
53%
Garden City
53%
Leavenworth
53%
Steubenville
53%
Waterloo
53%
Hays
52%
Houghton
52%
Mankato
52%
Cairo
51%
Holland
51%
Lawrence
51%
Brookings
49%
Zanesville
48%
Ashtabula
46%
Cadillac
45%
Jeffersonville
45%
Lorain
45%
Bloomington
44%
Jackson
44%
Brainerd
43%
St. Joseph
43%
Galesburg
41%
Danville
38%
Midland
38%
Albert Lea
37%
Ashland
37%
No matching quizzes found
Score Distribution
Percent of People with Each Score
Percentile by Number Answered
Your Score History
You have not taken this quiz